LEADER 01214nam a2200337 a 4500 001 000000124124 003 CaOOAMICUS 005 20110201103530.0 008 110201t2010 it u000 u ita r 020 $a978-88-430-5737-5 040 $aPUL$bita 082 04$a232.9 100 1 $aJossa, Giorgio.$0(OLS)http://pul/name/6697 245 10$aGesů :$bstoria di un uomo /$cGiorgio Jossa. 260 $aRoma :$bCarocci,$c©2010. 300 $a163 p. ;$c22 cm. 490 1 $aSaggi ;$v62 504 $aBibliografia p. 157-159. 600 04$aIesus Christus.$0(OLS)http://pul/subject/207 830 0$aSaggi (Carocci) ;$v62.$0(OLS)http://pul/title/77390 850 $aPUL 852 $aPUL$W1$xSL Religione 3$y85$m232. 9 JOSGI 1$j142944$qDDC 21$B141939$CPULBib$Z2$F141939 $H115784 $82 941 1 $a9 960 $aCristologia$9207 960 $aCristologia$9207 960 $aGesů Cristo$9207 996 $6020$a978-88-430-5737-5$9(OLS)http://pul/number/146229 996 $6082$a232.9$9(OLS)http://pul/classification/575 996 $6245$aGesů :$bstoria di un uomo$9(OLS)http://pul/title/156477 996 $6260$aRoma :$bCarocci$9(OLS)http://pul/publisher/66917 LEADER 01316nam a2200277 a 4500 001 000000156182 003 CaOOAMICUS 005 20161111131835.0 008 161111s1942 it u000 u lat r 032 $aLibriCat 040 $aPUL$bita 100 1 $aBékés, Gellert,$cO.S.B.,$d1915-$0(OLS)http://pul/name/2790 245 10$aDe continua oratione :$bClementis Alexandrini doctrina /$cexposuit D. Gerardus Békés O.S.B. 260 $aRomae :$b[s.n.],$c1942. 300 $aVIII, 48 p. ;$c24 cm. 500 $aIn testa al front.: Pontificium Institutum Academicum S. Anselmi de Urbe. Facultas Theologica. 502 $aEstratto da tesi -- Pontificium Institutum Academicum S. Anselmi de Urbe, Facultate Theologica, 1942. 504 $aBibliografia in nota. 600 04$aClemens Alexandrinus,$dc. 150-c. 215$xCritica e interpretazione.$0(OLS)http://pul/subject/7725 710 2 $aPontificio ateneo S. Anselmo.$bFacoltŕ di teologia.$kTesi.$0(OLS)http://pul/name/82348 850 $aPUL 852 $aPUL$W1$xDP1 Tesi Pon. At. S. Anselmo$y29$mTH ANS 27$j179374$qTesi$B182537$CPULBib$Z2$F182537 $81 941 1 $a16 996 $6245$aDe continua oratione :$bClementis Alexandrini doctrina$9(OLS)http://pul/title/27376 996 $6260$aRomae :$b[s.n.]$9(OLS)http://pul/publisher/48223